Nástin změn marketingu v pivovarství v transformačním období

Búrlivý rozvoj pivovarského a sladovníckeho priemyslu v transformačnom období. Problémy s odbytom piva najmä v malých a stredných podnikoch. Plnenie marketingových cieľov. Súčasné nedostatky marketingovej práce.

Salvato in:
Dettagli Bibliografici
Autore principale: Kozák, V.
Natura: Capitolo di libro
Lingua:ceco
Soggetti:
Tags: Aggiungi Tag
Nessun Tag, puoi essere il primo ad aggiungerne!!

MARC

LEADER 00000naa a2200000 4500
001 r018327
005 20221208130857.6
041 0 |a cze 
044 |a CZ 
245 1 0 |a Nástin změn marketingu v pivovarství v transformačním období  |c V. Kozák 
520 |a Búrlivý rozvoj pivovarského a sladovníckeho priemyslu v transformačnom období. Problémy s odbytom piva najmä v malých a stredných podnikoch. Plnenie marketingových cieľov. Súčasné nedostatky marketingovej práce. 
610 2 0 |a Česko 
610 2 0 |a 1991-1995 
610 2 0 |a marketing 
610 2 0 |a pivo 
610 2 0 |a transformácia 
610 2 0 |a odbyt 
100 1 |a Kozák, V.